<?xml version="1.0" encoding="UTF-8"?>
<record
    xmlns:xsi="http://www.w3.org/2001/XMLSchema-instance"
    xsi:schemaLocation="http://www.loc.gov/MARC21/slim http://www.loc.gov/standards/marcxml/schema/MARC21slim.xsd"
    xmlns="http://www.loc.gov/MARC21/slim">

  <leader>01953nam a22002897a 4500</leader>
  <controlfield tag="005">20111208164817.0</controlfield>
  <datafield tag="010" ind1=" " ind2=" ">
    <subfield code="a">B-470858-865</subfield>
  </datafield>
  <datafield tag="020" ind1=" " ind2=" ">
    <subfield code="a">9788179631461</subfield>
    <subfield code="c">175.00</subfield>
  </datafield>
  <datafield tag="035" ind1=" " ind2=" ">
    <subfield code="a">B-470858-865</subfield>
  </datafield>
  <datafield tag="037" ind1=" " ind2=" ">
    <subfield code="b">Blueberry Books/Ven </subfield>
  </datafield>
  <datafield tag="082" ind1=" " ind2=" ">
    <subfield code="a">S</subfield>
  </datafield>
  <datafield tag="245" ind1=" " ind2=" ">
    <subfield code="a">Read and gorw with Bruno:</subfield>
    <subfield code="b">Brunos' green story book ( age 2-6)</subfield>
  </datafield>
  <datafield tag="260" ind1=" " ind2=" ">
    <subfield code="a">Mumbai </subfield>
    <subfield code="b">Shree Books Centre</subfield>
    <subfield code="c">201?</subfield>
  </datafield>
  <datafield tag="270" ind1=" " ind2=" ">
    <subfield code="b">Mumbai </subfield>
    <subfield code="e">400016</subfield>
  </datafield>
  <datafield tag="300" ind1=" " ind2=" ">
    <subfield code="a">unpaged </subfield>
    <subfield code="c">23 cm (Hb)</subfield>
  </datafield>
  <datafield tag="490" ind1=" " ind2=" ">
    <subfield code="a"> </subfield>
    <subfield code="9">52671</subfield>
  </datafield>
  <datafield tag="942" ind1=" " ind2=" ">
    <subfield code="2">ddc</subfield>
    <subfield code="c">CH</subfield>
    <subfield code="m">REA</subfield>
    <subfield code="h">S</subfield>
  </datafield>
  <datafield tag="999" ind1=" " ind2=" ">
    <subfield code="c">59153</subfield>
    <subfield code="d">59153</subfield>
  </datafield>
  <datafield tag="952" ind1=" " ind2=" ">
    <subfield code="0">0</subfield>
    <subfield code="1">0</subfield>
    <subfield code="4">0</subfield>
    <subfield code="7">0</subfield>
    <subfield code="8">FIC</subfield>
    <subfield code="a">L</subfield>
    <subfield code="b">L</subfield>
    <subfield code="d">2012-09-27</subfield>
    <subfield code="e">Blue Berry/IN8226/24.03.2012/43/20.03.2012/29.03.2012</subfield>
    <subfield code="g">175.00</subfield>
    <subfield code="l">7</subfield>
    <subfield code="m">5</subfield>
    <subfield code="o">S REA</subfield>
    <subfield code="p">B-470858</subfield>
    <subfield code="r">2023-01-24 00:00:00</subfield>
    <subfield code="s">2023-01-05</subfield>
    <subfield code="t">1</subfield>
    <subfield code="v">175.00</subfield>
    <subfield code="w">2012-09-27</subfield>
    <subfield code="y">CH</subfield>
  </datafield>
  <datafield tag="952" ind1=" " ind2=" ">
    <subfield code="0">0</subfield>
    <subfield code="1">5</subfield>
    <subfield code="4">0</subfield>
    <subfield code="7">0</subfield>
    <subfield code="8">FIC</subfield>
    <subfield code="a">BL1</subfield>
    <subfield code="b">BL1</subfield>
    <subfield code="d">2012-09-27</subfield>
    <subfield code="e">Blue Berry/IN8226/24.03.2012/43/20.03.2012/29.03.2012</subfield>
    <subfield code="g">175.00</subfield>
    <subfield code="l">0</subfield>
    <subfield code="o">S REA</subfield>
    <subfield code="p">B-470859</subfield>
    <subfield code="r">2012-09-27 00:00:00</subfield>
    <subfield code="t">1</subfield>
    <subfield code="v">175.00</subfield>
    <subfield code="y">CH</subfield>
  </datafield>
  <datafield tag="952" ind1=" " ind2=" ">
    <subfield code="0">0</subfield>
    <subfield code="1">0</subfield>
    <subfield code="4">0</subfield>
    <subfield code="7">0</subfield>
    <subfield code="8">FIC</subfield>
    <subfield code="a">KGM</subfield>
    <subfield code="b">KGM</subfield>
    <subfield code="d">2012-09-27</subfield>
    <subfield code="e">Blue Berry/IN8226/24.03.2012/43/20.03.2012/29.03.2012</subfield>
    <subfield code="g">175.00</subfield>
    <subfield code="l">3</subfield>
    <subfield code="o">S REA</subfield>
    <subfield code="p">B-470860</subfield>
    <subfield code="r">2026-01-07 00:00:00</subfield>
    <subfield code="s">2025-12-23</subfield>
    <subfield code="t">1</subfield>
    <subfield code="v">175.00</subfield>
    <subfield code="w">2012-09-27</subfield>
    <subfield code="y">CH</subfield>
  </datafield>
  <datafield tag="952" ind1=" " ind2=" ">
    <subfield code="0">0</subfield>
    <subfield code="1">5</subfield>
    <subfield code="4">0</subfield>
    <subfield code="7">0</subfield>
    <subfield code="8">FIC</subfield>
    <subfield code="a">PR</subfield>
    <subfield code="b">PR</subfield>
    <subfield code="d">2012-09-27</subfield>
    <subfield code="e">Blue Berry/IN8226/24.03.2012/43/20.03.2012/29.03.2012</subfield>
    <subfield code="g">175.00</subfield>
    <subfield code="l">0</subfield>
    <subfield code="o">S REA</subfield>
    <subfield code="p">B-470861</subfield>
    <subfield code="r">2012-09-27 00:00:00</subfield>
    <subfield code="t">1</subfield>
    <subfield code="v">175.00</subfield>
    <subfield code="y">CH</subfield>
  </datafield>
  <datafield tag="952" ind1=" " ind2=" ">
    <subfield code="0">0</subfield>
    <subfield code="1">5</subfield>
    <subfield code="4">0</subfield>
    <subfield code="7">0</subfield>
    <subfield code="8">FIC</subfield>
    <subfield code="a">JP</subfield>
    <subfield code="b">JP</subfield>
    <subfield code="d">2012-09-27</subfield>
    <subfield code="e">Blue Berry/IN8226/24.03.2012/43/20.03.2012/29.03.2012</subfield>
    <subfield code="g">175.00</subfield>
    <subfield code="l">4</subfield>
    <subfield code="o">S REA</subfield>
    <subfield code="p">B-470862</subfield>
    <subfield code="r">2018-06-28 00:00:00</subfield>
    <subfield code="s">2013-03-28</subfield>
    <subfield code="t">1</subfield>
    <subfield code="v">175.00</subfield>
    <subfield code="y">CH</subfield>
  </datafield>
  <datafield tag="952" ind1=" " ind2=" ">
    <subfield code="0">4</subfield>
    <subfield code="1">0</subfield>
    <subfield code="4">0</subfield>
    <subfield code="7">0</subfield>
    <subfield code="8">FIC</subfield>
    <subfield code="a">BL3</subfield>
    <subfield code="b">BL3</subfield>
    <subfield code="d">2012-09-27</subfield>
    <subfield code="e">Blue Berry/IN8226/24.03.2012/43/20.03.2012/29.03.2012</subfield>
    <subfield code="g">175.00</subfield>
    <subfield code="l">0</subfield>
    <subfield code="o">S REA</subfield>
    <subfield code="p">B-470863</subfield>
    <subfield code="r">2012-09-27 00:00:00</subfield>
    <subfield code="t">1</subfield>
    <subfield code="v">175.00</subfield>
    <subfield code="w">2012-09-27</subfield>
    <subfield code="y">CH</subfield>
    <subfield code="z">Written off on approval by DLB (By Circulation); dtd 15-06-2023</subfield>
  </datafield>
  <datafield tag="952" ind1=" " ind2=" ">
    <subfield code="0">4</subfield>
    <subfield code="1">6</subfield>
    <subfield code="4">0</subfield>
    <subfield code="7">0</subfield>
    <subfield code="8">FIC</subfield>
    <subfield code="a">NRR</subfield>
    <subfield code="b">NRR</subfield>
    <subfield code="d">2012-09-27</subfield>
    <subfield code="e">Blue Berry/IN8226/24.03.2012/43/20.03.2012/29.03.2012</subfield>
    <subfield code="g">175.00</subfield>
    <subfield code="l">0</subfield>
    <subfield code="o">S REA</subfield>
    <subfield code="p">B-470864</subfield>
    <subfield code="r">2012-09-27 00:00:00</subfield>
    <subfield code="t">1</subfield>
    <subfield code="v">175.00</subfield>
    <subfield code="y">CH</subfield>
  </datafield>
  <datafield tag="952" ind1=" " ind2=" ">
    <subfield code="0">0</subfield>
    <subfield code="1">0</subfield>
    <subfield code="4">0</subfield>
    <subfield code="7">0</subfield>
    <subfield code="8">FIC</subfield>
    <subfield code="a">BL4</subfield>
    <subfield code="b">BL4</subfield>
    <subfield code="d">2012-09-27</subfield>
    <subfield code="e">Blue Berry/IN8226/24.03.2012/43/20.03.2012/29.03.2012</subfield>
    <subfield code="g">175.00</subfield>
    <subfield code="l">0</subfield>
    <subfield code="o">S REA</subfield>
    <subfield code="p">B-470865</subfield>
    <subfield code="r">2012-09-27 00:00:00</subfield>
    <subfield code="t">1</subfield>
    <subfield code="v">175.00</subfield>
    <subfield code="w">2012-09-27</subfield>
    <subfield code="y">CH</subfield>
  </datafield>
</record>
